| 000 | 01533cam a2200385 a 4500 | ||
|---|---|---|---|
| 001 | EDZ0000067591 | ||
| 003 | StDuBDS | ||
| 005 | 20161031105125.0 | ||
| 006 | m||||||||d|||||||| | ||
| 007 | cr ||||||||||| | ||
| 008 | 120405s2004 enka fo| 001|0|eng d | ||
| 020 |
_a9781446219782 (ebook) : _cNo price |
||
| 040 |
_aStDuBDS _beng _cStDuBDS _epn |
||
| 049 | _aAlfaisal Main Library | ||
| 050 | 0 |
_aHF5414.12.E9 _bH37 2004 |
|
| 082 | 0 | 4 |
_a381.094 _223 |
| 245 | 0 | 0 |
_aEuropean business and marketing _h[electronic resource] / _cedited by Phil Harris and Frank McDonald. |
| 250 | _a2nd ed. | ||
| 260 |
_aLondon : _bSAGE, _c2004. |
||
| 300 |
_a1 online resource (xxxii, 302 p.) : _bill. |
||
| 500 | _aPrevious ed.: Paul Chapman, c1994. | ||
| 504 | _aIncludes bibliographical references and index. | ||
| 520 | 8 | _aFully revised to incorporate much modern thinking in Europe this second edition includes material on the Euro and the enlargement of the EU and the development of companies with a European base. | |
| 521 | _aSpecialized. | ||
| 588 | _aDescription based on print version record. | ||
| 650 | 0 |
_aMarketing _zEuropean Union countries. |
|
| 651 | 0 |
_aEuropean Union countries _xCommerce. |
|
| 655 | 7 |
_aElectronic books. _2local |
|
| 700 | 1 |
_aHarris, Phil, _d1952- |
|
| 700 | 1 |
_aMcDonald, Frank, _d1951- |
|
| 710 | 2 | _aSage eBooks | |
| 776 | 0 | 8 |
_iPrint version : _z9780761966050 |
| 856 | 4 | 0 | _uhttp://ezproxy.alfaisal.edu/login?url=http://sk.sagepub.com/books/european-business-and-marketing-2e |
| 942 |
_2lcc _cEBOOKS |
||
| 999 |
_c479822 _d479822 |
||